Normal view
MARC view
Entry Topical Term
001 - CONTROL NUMBER
- control field: 15067
003 - CONTROL NUMBER IDENTIFIER
- control field: dpl
005 - DATE AND TIME OF LATEST TRANSACTION
- control field: 20100819112456.0
008 - FIXED-LENGTH DATA ELEMENTS
- fixed length control field: 100819|||a|||||| | ||| d
040 ## - CATALOGING SOURCE
- Original cataloging agency: dpl
- Transcribing agency: dpl
150 ## - HEADING--TOPICAL TERM
- Topical term or geographic name as entry element: Public finance
670 ## - SOURCE DATA FOUND
- Source citation: Work cat.: (dpl)42370: Shanmugaraj, C. 15066, Public finance /, 2009
670 ## - SOURCE DATA FOUND
- Source citation: Work cat.: (dpl)42370: Shanmugaraj, C. 15066, Public finance /, 2009
